000 00575nam a22001937a 4500
003 0
005 20230823125432.0
008 230823b xxu||||| |||| 00| 0 eng d
020 _a978-621-409-165-2
050 _aBF 121
_b.F73 2022
100 _aFrando, Milagros F.
245 _aPsychology and you
_cMilagros F. Frando
260 _aMandaluyong City
_bBooks Atbp. Publishing Corp.
_cc2022.
300 _aviii, 208 pages :
_bill. ;
_c26 cm.
500 _aPsychology.
504 _aIncludes bibliographical references.
650 _aPsychology.
942 _2lcc
_cBK
999 _c365191
_d365191